000 00431nam a2200205Ia 4500
001 13398
003 GE_BSU
008 181216s||||||||xx |||||||||||||| ||und||
020 _a0434002364
040 _cGE_BSU
080 _a821.111-32
100 _aForbes,Bryan.
245 _aPartly cloudy.
260 _aLondon.
260 _bHeineman.
260 _c1995
300 _a278p;22cm.
653 _aPartly cloudy.
942 _cBK
999 _c46559
_d46559